000 00654nam a2200217Ii 4500
003 JO-AjNU
008 230605s9999||||xx |||||||||||||| ||und||
017 _a2011/4/1521
040 _aJO-AjNU
_bara
_erda
_cJO-AjNU
041 _aara
050 1 4 _aPJ7864.A4.T33 2012
100 3 _aالتل، محمد فضيل ,
_eauthor
_957571
245 0 0 _aتحت جنح الليل
250 _aط2
264 3 1 _aعمان: وزارة الثقافة،2011
300 _a160ص
336 _atext
_btxt
_2rdacontent
337 _aunmediated
_bn
_2rdamedia
338 _avolume
_bnc
_2rdacarrier
650 4 _aالشعر العربي-العصر الحديث
_957572
999 _aA25808
_c29376
_d29376